Micro estudio de factibilidad para alimentar San Juan del Sur por medio de la generadora eólica Amayo
Presenta un macroestudio de factibilidad para alimentar el municipio de San Juan del Sur con energía eolica procedente de la planta generadora Amayo a fin de abaratar los costos de su factura y venderlo como un destino turístico comprometido con el medio ambiente y la conservación de recursos ene...
| Main Authors: | , |
|---|---|
| Other Authors: | |
| Format: | Tesis Section = Libro |
| Language: | Undetermined Spanish |
| Published: |
Managua
UNI
2013
|
| Subjects: |
| LEADER | 01141nam a2200253Ia 4500 | ||
|---|---|---|---|
| 008 | 240830s9999 xx 000 0 und d | ||
| 040 | |a BIBLIOTECA-RUSB/ Mon 333.92 P139 | ||
| 041 | |a spa | ||
| 082 | |a Mon 333.92 P139 | ||
| 100 | 1 | |a Paguaga Hernández, Aarón | |
| 100 | 1 | |b Castillo Mejía, Oscar Martín | |
| 245 | 1 | 0 | |a Micro estudio de factibilidad para alimentar San Juan del Sur por medio de la generadora eólica Amayo |
| 260 | |a Managua |b UNI |c 2013 | ||
| 300 | |a 64 p. :il. | ||
| 500 | |a Contiene: anexos. | ||
| 502 | |a Tesis (Ingeniero Eléctrico) - UNI, 2013. | ||
| 520 | 3 | |a Presenta un macroestudio de factibilidad para alimentar el municipio de San Juan del Sur con energía eolica procedente de la planta generadora Amayo a fin de abaratar los costos de su factura y venderlo como un destino turístico comprometido con el medio ambiente y la conservación de recursos energéticos. | |
| 650 | 7 | |a ENERGÍA EOLICA | |
| 650 | 7 | |b RECURSOS ENERGÉTICOS RENOVABLES | |
| 650 | 7 | |c ABASTECIMIENTO DE ENERGÍA ELECTRICA | |
| 700 | 1 | |a Tutor: |b Gonzáles Mena, Juan José | |
| 942 | |c BK |2 ddc | ||
| 991 | |a TESIS | ||
| 999 | |c 19907 | ||